Indian Financial System (Record no. 1985)

MARC details
000 -LEADER
fixed length control field 00385nam a22001697a 4500
005 - DATE AND TIME OF LATEST TRANSACTION
control field 20180319123644.0
008 - FIXED-LENGTH DATA ELEMENTS--GENERAL INFORMATION
fixed length control field 160527b xxu||||| |||| 00| 0 eng d
020 ## - INTERNATIONAL STANDARD BOOK NUMBER
ISBN 0-07-463649-9
041 ## - LANGUAGE CODE
Language code of text/sound track or separate title eng
082 ## - DEWEY DECIMAL CLASSIFICATION NUMBER
Item number 5569
Classification number 336.54
100 ## - MAIN ENTRY--AUTHOR NAME
Personal name Khan M.Y.
245 ## - TITLE STATEMENT
Title Indian Financial System
260 ## - PUBLICATION, DISTRIBUTION, ETC. (IMPRINT)
Name of publisher TMH
Year of publication 2003
300 ## - PHYSICAL DESCRIPTION
Number of Pages 20.23
650 ## - SUBJECT ADDED ENTRY--TOPICAL TERM
Topical Term Management
942 ## - ADDED ENTRY ELEMENTS (KOHA)
Koha item type Books
Holdings
Lost status Damaged status Collection code Home library Current library Shelving location Date acquired Cost, normal purchase price Full call number Accession Number Koha item type
    MANAGEMENT JRU Library JRU Library SHELF-61-J 27/05/2016 225.00 336.54 5569 Books